[Event "Langley op"]
[Site "Langley CAN"]
[Date "2023.09.03"]
[Round "4.1"]
[White "Nunez Asencio, Jorge"]
[Black "Qu, Leo"]
[Result "1-0"]
[WhiteElo "2338"]
[BlackElo "2213"]
[PlyCount "107"]
[EventDate "2023.09.02"]
[EventType "swiss"]
[EventRounds "6"]
[EventCountry "CAN"]

1. d4 Nf6 2. c4 g6 3. Nc3 Bg7 4. e4 d6 5. Bd3 Nc6 6. Nge2 O-O 7. f3 Nd7 8. Be3
e5 9. d5 Nd4 10. O-O c5 11. Qd2 f5 12. exf5 gxf5 13. f4 e4 14. Bc2 Qb6 15. Rab1
Qb4 16. Nxd4 cxd4 17. Bxd4 Qxc4 18. Bxg7 Kxg7 19. Rfc1 Nf6 20. Bd1 Qc5+ 21. Kh1
Bd7 22. b4 Qb6 23. a4 a6 24. a5 Qa7 25. Ba4 e3 26. Qb2 Qd4 27. Bxd7 Nxd7 28.
Rd1 Qxf4 29. Nb5+ Qe5 30. Nxd6 Qxb2 31. Rxb2 Rab8 32. g3 b6 33. Re2 Rf6 34. Nc4
bxa5 35. bxa5 Rc8 36. Nxe3 Rc5 37. Rc2 Rxa5 38. Rc7 Rf7 39. Rf1 Kg6 40. Ng2 Ne5
41. Nh4+ Kf6 42. Rxf5+ Kg7 43. d6 Ra1+ 44. Kg2 Re1 45. Nf3 Rxc7 46. dxc7 Rc1
47. Rxe5 Rxc7 48. Ra5 Rc6 49. h4 Kf6 50. g4 Rb6 51. Kg3 Rc6 52. Ng5 h6 53. Ne4+
Kg6 54. Nc5 1-0

[Event "Langley op"]
[Site "Langley CAN"]
[Date "2023.09.03"]
[Round "4.2"]
[White "Doknjas, John"]
[Black "Liu, Zachary"]
[Result "1-0"]
[WhiteElo "2293"]
[BlackElo "2186"]
[PlyCount "101"]
[EventDate "2023.09.02"]
[EventType "swiss"]
[EventRounds "6"]
[EventCountry "CAN"]

1. e4 c5 2. c3 d5 3. exd5 Nf6 4. d4 Nxd5 5. Nf3 cxd4 6. cxd4 g6 7. Nc3 Bg7 8.
Bc4 Nb6 9. Bb3 Nc6 10. O-O Nxd4 11. Nxd4 Bxd4 12. Nb5 Bc5 13. Qxd8+ Kxd8 14.
Bh6 Bd7 15. Rfd1 a6 16. Rac1 Rc8 17. Na7 Rc7 18. Bxf7 Na8 19. Bg7 Re8 20. Bxe8
Kxe8 21. Be5 Bb6 22. Bxc7 Nxc7 23. Rxd7 Kxd7 24. Rd1+ Ke8 25. Nc8 Bc5 26. a3
Ne6 27. b4 Bd4 28. a4 Kd7 29. Nb6+ Kc6 30. Nc4 b5 31. Na5+ Kd5 32. axb5 axb5
33. Kf1 Ke4 34. f3+ Kd5 35. g3 Ke5 36. Nc6+ Kd5 37. Nxe7+ Kc4 38. Rc1+ Kb3 39.
Nd5 Bb2 40. Rc8 Nd4 41. f4 Nc2 42. Rc5 Nd4 43. g4 Ba3 44. Rc3+ Kb2 45. Rd3 Nc2
46. f5 gxf5 47. gxf5 Nxb4 48. Nxb4 Bxb4 49. Rd5 Kc3 50. Rxb5 Ba3 51. f6 1-0

[Event "Langley op"]
[Site "Langley CAN"]
[Date "2023.09.03"]
[Round "4.3"]
[White "Fuentebella, Mayo"]
[Black "Zhu, Brandon"]
[Result "1-0"]
[WhiteElo "2174"]
[BlackElo "2197"]
[PlyCount "71"]
[EventDate "2023.09.02"]
[EventType "swiss"]
[EventRounds "6"]
[EventCountry "CAN"]

1. c4 g6 2. Nc3 c5 3. Nf3 Bg7 4. d4 cxd4 5. Nxd4 Nc6 6. Nxc6 bxc6 7. e4 d6 8.
Be2 Nf6 9. O-O Rb8 10. Rb1 Nd7 11. Qc2 a5 12. b3 O-O 13. Be3 Nc5 14. Rbd1 Qc7
15. f4 Bxc3 16. Qxc3 Nxe4 17. Qd4 Nf6 18. Bd2 c5 19. Qe3 Bg4 20. Bc3 Bxe2 21.
Qxe2 Ra8 22. Rfe1 Ra7 23. Rd3 Ne8 24. f5 Ng7 25. f6 exf6 26. Bxf6 Ne6 27. Qd2
g5 28. Rh3 Nf4 29. Rg3 d5 30. Be5 Qc8 31. Bxf4 f6 32. Bxg5 Rg7 33. Qxd5+ Kh8
34. Bh6 Rd7 35. Qe6 Rd1 36. Bg7# 1-0

[Event "Langley op"]
[Site "Langley CAN"]
[Date "2023.09.03"]
[Round "4.4"]
[White "He, Matthew"]
[Black "Wang, Kai"]
[Result "1/2-1/2"]
[WhiteElo "2079"]
[BlackElo "1777"]
[PlyCount "78"]
[EventDate "2023.09.02"]
[EventType "swiss"]
[EventRounds "6"]
[EventCountry "CAN"]

1. d4 Nf6 2. c4 e6 3. Nc3 Bb4 4. Qc2 O-O 5. a3 Bxc3+ 6. Qxc3 d6 7. Bg5 h6 8.
Bh4 Nbd7 9. e3 b6 10. Ne2 Bb7 11. Qc2 Be4 12. Qd2 Qc8 13. Nc3 Bh7 14. Be2 Ne4
15. Nxe4 Bxe4 16. O-O e5 17. b4 a5 18. d5 axb4 19. axb4 Qb7 20. f3 Bh7 21. f4
Rxa1 22. Rxa1 Ra8 23. Qc3 Be4 24. fxe5 Nxe5 25. Bg3 f6 26. Rf1 Ra2 27. Rf2 Qa8
28. Qd4 Bg6 29. Bxe5 fxe5 30. Qg4 Ra1+ 31. Rf1 Rxf1+ 32. Kxf1 Kh7 33. Kf2 Qa2
34. b5 Qc2 35. h4 Bf5 36. Qf3 Bd3 37. Qg4 Bf5 38. Qf3 Bd3 39. Qg4 Bf5 1/2-1/2

[Event "Langley op"]
[Site "Langley CAN"]
[Date "2023.09.03"]
[Round "4.5"]
[White "Mok, Erwin Jun-Han"]
[Black "Roback, Joe"]
[Result "1/2-1/2"]
[WhiteElo "2017"]
[BlackElo "2065"]
[PlyCount "114"]
[EventDate "2023.09.02"]
[EventType "swiss"]
[EventRounds "6"]
[EventCountry "CAN"]

1. d4 Nf6 2. c4 c5 3. d5 e6 4. Nc3 exd5 5. cxd5 d6 6. e4 g6 7. Bf4 a6 8. a4 Bg7
9. Nf3 Bg4 10. h3 Bxf3 11. Qxf3 O-O 12. Bd3 Re8 13. O-O Qc7 14. Rfe1 Nbd7 15.
Qe2 Rac8 16. Rac1 Nh5 17. Bh2 Bh6 18. Rcd1 c4 19. Bc2 Qc5 20. Kh1 b5 21. axb5
axb5 22. Rf1 b4 23. Na4 Qc7 24. f4 Ra8 25. b3 Rxa4 26. bxa4 b3 27. Bb1 c3 28.
Rc1 Nhf6 29. Qf3 Rc8 30. g4 Bg7 31. h4 Qc4 32. Bd3 Qxa4 33. e5 b2 34. Rc2 Ne8
35. e6 Nc5 36. exf7+ Kxf7 37. f5 Nxd3 38. fxg6+ Kg8 39. gxh7+ Kh8 40. Qxd3 Qxg4
41. Rcf2 Nf6 42. Rg1 Qe4+ 43. Qxe4 Nxe4 44. Rc2 Nd2 45. Bxd6 b1=Q 46. Rxb1 Nxb1
47. Be7 Rc7 48. Bb4 Rc4 49. Be7 Rd4 50. d6 Rd1+ 51. Kg2 Rd2+ 52. Rxd2 cxd2 53.
d7 d1=Q 54. d8=Q+ Qxd8 55. Bxd8 Kxh7 56. Be7 Kg6 57. Bb4 Kh5 1/2-1/2

[Event "Langley op"]
[Site "Langley CAN"]
[Date "2023.09.03"]
[Round "4.6"]
[White "Salcedo, Daniel E"]
[Black "Xu, Joey"]
[Result "1-0"]
[WhiteElo "1926"]
[BlackElo "1683"]
[PlyCount "51"]
[EventDate "2023.09.02"]
[EventType "swiss"]
[EventRounds "6"]
[EventCountry "CAN"]

1. d4 Nf6 2. c4 g6 3. Nc3 Bg7 4. e4 d6 5. Be2 O-O 6. Bg5 h6 7. Be3 e5 8. d5
Nbd7 9. Qd2 Kh7 10. g4 Ne8 11. h4 a5 12. g5 f5 13. gxh6 Bf6 14. Bg5 Nc5 15.
exf5 gxf5 16. Nf3 f4 17. Bd3+ Kh8 18. Ne4 Nxe4 19. Bxe4 Bg4 20. Rg1 Qd7 21. Qc2
Rg8 22. O-O-O Rc8 23. Kb1 Bxf3 24. Bxf3 Qe7 25. Bg4 Rd8 26. Be6 1-0

[Event "Langley op"]
[Site "Langley CAN"]
[Date "2023.09.03"]
[Round "4.7"]
[White "Gao, Justin"]
[Black "Mok, Gillian"]
[Result "0-1"]
[WhiteElo "1826"]
[BlackElo "1908"]
[PlyCount "80"]
[EventDate "2023.09.02"]
[EventType "swiss"]
[EventRounds "6"]
[EventCountry "CAN"]

1. e4 e5 2. Nf3 Nc6 3. Bc4 Bc5 4. c3 Nf6 5. d4 exd4 6. e5 d5 7. Bb5 Ne4 8. cxd4
Bb6 9. Nbd2 O-O 10. Bxc6 bxc6 11. Qc2 Nxd2 12. Bxd2 f6 13. O-O Bg4 14. exf6
Bxf3 15. fxg7 Rf7 16. gxf3 Rxg7+ 17. Kh1 Qf6 18. f4 Bxd4 19. Rg1 Bxb2 20. Rxg7+
Kxg7 21. Rg1+ Kh8 22. Rg3 Rb8 23. Rh3 Qf7 24. Bc3+ Bxc3 25. Qxc3+ Qg7 26. Qc2
c5 27. Rg3 Qe7 28. Re3 Qg7 29. Rg3 Qa1+ 30. Kg2 Qd4 31. Kh3 Rf8 32. f5 c4 33.
f3 Qf6 34. Qa4 Qxf5+ 35. Kg2 Rg8 36. Qxa7 Rxg3+ 37. hxg3 Qe5 38. Qa3 Kg7 39. f4
Qe4+ 40. Qf3 c3 0-1

[Event "Langley op"]
[Site "Langley CAN"]
[Date "2023.09.03"]
[Round "4.8"]
[White "Chen, Zhengyu"]
[Black "Lu, Aiden Hao-Ting"]
[Result "1/2-1/2"]
[WhiteElo "1620"]
[BlackElo "1721"]
[PlyCount "41"]
[EventDate "2023.09.02"]
[EventType "swiss"]
[EventRounds "6"]
[EventCountry "CAN"]

1. Nf3 d5 2. c4 c6 3. e3 Nf6 4. Nc3 e6 5. b3 Nbd7 6. Qc2 Bd6 7. cxd5 Nxd5 8.
Nxd5 cxd5 9. Bb2 Nf6 10. Ne5 Bd7 11. Nxd7 Qxd7 12. Rc1 Ke7 13. Bd3 Rac8 14. Qb1
Rxc1+ 15. Qxc1 Rc8 16. Qb1 h6 17. Ke2 a6 18. Rc1 Rxc1 19. Qxc1 Qc7 20. Qxc7+
Bxc7 21. Ba3+ 1/2-1/2

[Event "Langley op"]
[Site "Langley CAN"]
[Date "2023.09.03"]
[Round "4.9"]
[White "Jiang, Kate"]
[Black "Landingin, Jofrel"]
[Result "1-0"]
[WhiteElo "2211"]
[BlackElo "1613"]
[PlyCount "57"]
[EventDate "2023.09.02"]
[EventType "swiss"]
[EventRounds "6"]
[EventCountry "CAN"]

1. e4 e5 2. Bc4 Nf6 3. d3 d6 4. Nc3 Be6 5. Bb3 Bxb3 6. axb3 c5 7. Nge2 Nbd7 8.
O-O a6 9. f4 Be7 10. Ng3 g6 11. f5 h5 12. Qf3 Rh7 13. Nh1 h4 14. Nf2 Rc8 15.
Nh3 Rc6 16. fxg6 fxg6 17. Ng5 Rh8 18. Ne6 Qb6 19. Nd5 Qa7 20. Bg5 c4+ 21. Kh1
Rh7 22. Bxf6 Rf7 23. Ndc7+ Rxc7 24. Nxc7+ Kd8 25. Bxe7+ Rxe7 26. Nd5 Rg7 27.
Qg4 b5 28. Qxh4+ Kc8 29. Qh8+ 1-0

[Event "Langley op"]
[Site "Langley CAN"]
[Date "2023.09.03"]
[Round "4.10"]
[White "Zou, Alex"]
[Black "Kerry, James"]
[Result "1-0"]
[WhiteElo "1821"]
[BlackElo "1817"]
[PlyCount "112"]
[EventDate "2023.09.02"]
[EventType "swiss"]
[EventRounds "6"]
[EventCountry "CAN"]

1. c4 e5 2. Nc3 Nf6 3. Nf3 Nc6 4. e4 Bc5 5. Nxe5 Qe7 6. Nxc6 bxc6 7. Bd3 h5 8.
h3 O-O 9. O-O d6 10. Bc2 Qe5 11. Kh1 Ng4 12. hxg4 hxg4 13. Ne2 Qh5+ 14. Kg1 g6
15. d4 Bb6 16. Qd2 Kg7 17. Qg5 Qh7 18. Ba4 Rh8 19. Qh6+ Qxh6 20. Bxh6+ Rxh6 21.
Bxc6 Rb8 22. Rad1 a5 23. b3 Bb7 24. Bxb7 Rxb7 25. f3 gxf3 26. gxf3 c6 27. Kf2
Rb8 28. Rh1 Rbh8 29. Rxh6 Rxh6 30. Kg2 Rh8 31. Rh1 Rb8 32. f4 d5 33. c5 Bc7 34.
exd5 cxd5 35. Kf3 Re8 36. Nc3 Rd8 37. a3 Rb8 38. Rb1 Rd8 39. b4 axb4 40. axb4
Rh8 41. Nxd5 Bd8 42. Rg1 Rh3+ 43. Rg3 Rh2 44. c6 Rc2 45. b5 Ba5 46. Rg2 Rc4 47.
Ke4 f5+ 48. Ke5 Kf7 49. Ra2 Bd8 50. Ra7+ Ke8 51. c7 Bxc7+ 52. Rxc7 Ra4 53. Kd6
Rxd4 54. b6 Kd8 55. Kc6 g5 56. Rd7+ Kc8 1-0

[Event "Langley op"]
[Site "Langley CAN"]
[Date "2023.09.03"]
[Round "4.11"]
[White "Wang, Daniel Ruohan"]
[Black "Jiang, Zihao William"]
[Result "1-0"]
[WhiteElo "1764"]
[BlackElo "1735"]
[PlyCount "69"]
[EventDate "2023.09.02"]
[EventType "swiss"]
[EventRounds "6"]
[EventCountry "CAN"]

1. e4 c5 2. Nf3 Nc6 3. d4 cxd4 4. Nxd4 Nf6 5. Nc3 e5 6. Ndb5 d6 7. Bg5 a6 8.
Bxf6 gxf6 9. Na3 b5 10. Nd5 Bg7 11. c3 Ne7 12. Nc2 f5 13. Nxe7 Qxe7 14. exf5
Bxf5 15. Qf3 Bc8 16. Qxa8 O-O 17. Qd5 Bb7 18. Qd2 Qe6 19. h4 d5 20. Rh3 Kh8 21.
Rg3 Bh6 22. Qe2 Qf6 23. Ne3 Qe6 24. Rh3 f5 25. g4 Bxe3 26. Rxe3 e4 27. gxf5
Qxf5 28. Bh3 Qf4 29. O-O-O Qxh4 30. Rf1 Bc6 31. Qg4 Qd8 32. Rg1 Qc7 33. Reg3 d4
34. Qg8+ Rxg8 35. Rxg8# 1-0

[Event "Langley op"]
[Site "Langley CAN"]
[Date "2023.09.04"]
[Round "5.1"]
[White "Nunez Asencio, Jorge"]
[Black "Doknjas, John"]
[Result "1/2-1/2"]
[WhiteElo "2338"]
[BlackElo "2293"]
[PlyCount "259"]
[EventDate "2023.09.02"]
[EventType "swiss"]
[EventRounds "6"]
[EventCountry "CAN"]

1. d4 Nf6 2. c4 e6 3. Nc3 d5 4. cxd5 exd5 5. Bg5 Be7 6. e3 O-O 7. Bd3 c6 8. Qc2
Nbd7 9. Nf3 Re8 10. O-O Nf8 11. Rab1 Ng6 12. b4 a6 13. a4 Ne4 14. Bxe7 Qxe7 15.
b5 axb5 16. axb5 f5 17. Ne2 Qf6 18. Rfc1 Bd7 19. bxc6 Bxc6 20. Nf4 Nxf4 21.
exf4 Ra3 22. Ne5 Rc3 23. Qb2 Rxc1+ 24. Rxc1 Qe6 25. Qb6 Nd6 26. g3 Rc8 27. Re1
Qe8 28. Qb1 g6 29. h4 Qd8 30. h5 Be8 31. hxg6 hxg6 32. Kg2 Qa5 33. Nf3 Bf7 34.
Ng5 Qc3 35. Re5 Kg7 36. Re7 Kf8 37. Rd7 Qc6 38. Bb5 Qxb5 39. Rxf7+ Ke8 40. Qe1+
Ne4 41. Rh7 Rc2 42. Qa1 Qa6 43. Qxa6 bxa6 44. Nh3 a5 45. Ra7 Ra2 46. Kg1 a4 47.
Ng5 Nc3 48. Ne6 a3 49. Ng7+ Kf8 50. Ne6+ Ke8 51. Ng7+ Kf8 52. Ne6+ Kg8 53. Rg7+
Kh8 54. Rc7 Rc2 55. Rc8+ Kh7 56. Ng5+ Kh6 57. Kg2 Kg7 58. Rc7+ Kf8 59. Ne6+ Ke8
60. Ng7+ Kd8 61. Ne6+ Ke8 62. Ng7+ Kf8 63. Ne6+ Kg8 64. Rg7+ Kh8 65. Ra7 a2 66.
Nf8 Rc1 67. Nxg6+ Kg8 68. Ne7+ Kf8 69. Nxd5 Nxd5 70. Rxa2 Rd1 71. Re2 Rxd4 72.
Re5 Ne7 73. f3 Rd2+ 74. Kf1 Kf7 75. g4 Kf6 76. Ra5 Nd5 77. Ra6+ Ke7 78. gxf5
Nxf4 79. Ke1 Rb2 80. Kf1 Kf7 81. Ke1 Nd5 82. Kf1 Ne3+ 83. Ke1 Nxf5 84. Kd1 Nd4
85. f4 Ne6 86. f5 Nd4 87. f6 Ne6 88. Rd6 Kxf6 89. Rd2 Rb3 90. Kc2 Rh3 91. Rd3
Rh4 92. Kc3 Ke5 93. Re3+ Kd5 94. Rg3 Rc4+ 95. Kd2 Nf4 96. Rg8 Ke4 97. Re8+ Kd4
98. Rd8+ Nd5 99. Ke2 Rc3 100. Re8 Nf6 101. Rf8 Re3+ 102. Kf2 Ne4+ 103. Kg2 Rg3+
104. Kh2 Ke3 105. Ra8 Rg4 106. Ra3+ Kf4 107. Rb3 Rg5 108. Ra3 Nd2 109. Kh3 Nf1
110. Kh4 Rg2 111. Ra4+ Kf3 112. Ra3+ Ne3 113. Kh5 Kf4 114. Ra4+ Ke5 115. Ra5+
Nd5 116. Kh4 Rg8 117. Rb5 Rg1 118. Kh3 Ke4 119. Kh2 Rg5 120. Rb3 Nf4 121. Ra3
Rg2+ 122. Kh1 Re2 123. Kg1 Nd5 124. Kf1 Rc2 125. Ra8 Ne3+ 126. Ke1 Nd5 127. Kd1
Kd3 128. Rd8 Rd2+ 129. Ke1 Re2+ 130. Kf1 1/2-1/2

[Event "Langley op"]
[Site "Langley CAN"]
[Date "2023.09.04"]
[Round "5.3"]
[White "Zhu, Brandon"]
[Black "Roback, Joe"]
[Result "1-0"]
[WhiteElo "2197"]
[BlackElo "2065"]
[PlyCount "49"]
[EventDate "2023.09.02"]
[EventType "swiss"]
[EventRounds "6"]
[EventCountry "CAN"]

1. d4 Nf6 2. c4 c5 3. d5 e6 4. Nc3 exd5 5. cxd5 d6 6. g3 g6 7. Bg2 Bg7 8. Nf3
O-O 9. O-O Re8 10. Bf4 Nh5 11. Bg5 Qa5 12. Nd2 b5 13. a4 b4 14. Nc4 Qa6 15. Nb5
Bf8 16. b3 Bd7 17. Nc7 Qb7 18. Nxe8 Bxe8 19. e4 Nd7 20. e5 f6 21. exf6 Nhxf6
22. Qf3 Nh5 23. g4 Ng7 24. Bf4 Qc7 25. Qg3 1-0

[Event "Langley op"]
[Site "Langley CAN"]
[Date "2023.09.04"]
[Round "5.4"]
[White "Liu, Zachary"]
[Black "Salcedo, Daniel E"]
[Result "1-0"]
[WhiteElo "2186"]
[BlackElo "1926"]
[PlyCount "67"]
[EventDate "2023.09.02"]
[EventType "swiss"]
[EventRounds "6"]
[EventCountry "CAN"]

1. e4 c5 2. Nf3 d6 3. d4 cxd4 4. Nxd4 Nf6 5. Nc3 g6 6. Be3 Bg7 7. f3 O-O 8. Qd2
Nc6 9. Bc4 Bd7 10. O-O-O Rc8 11. Bb3 Na5 12. Kb1 Nc4 13. Bxc4 Rxc4 14. g4 b5
15. b3 Rc5 16. Ne6 Bxe6 17. Bxc5 Qa5 18. Bd4 b4 19. Ne2 Rc8 20. Bb2 Qb6 21. h4
Bxg4 22. Bxf6 Bxf3 23. Bxg7 Bxe4 24. Bd4 Qc6 25. Rhe1 Bxc2+ 26. Kb2 Bxd1 27.
Rxd1 Qe4 28. h5 e5 29. hxg6 exd4 30. gxf7+ Kxf7 31. Nxd4 h5 32. Rf1+ Kg6 33.
Re1 Qb7 34. Re6+ 1-0

[Event "Langley op"]
[Site "Langley CAN"]
[Date "2023.09.04"]
[Round "5.5"]
[White "Mok, Gillian"]
[Black "He, Matthew"]
[Result "0-1"]
[WhiteElo "1908"]
[BlackElo "2079"]
[PlyCount "108"]
[EventDate "2023.09.02"]
[EventType "swiss"]
[EventRounds "6"]
[EventCountry "CAN"]

1. e4 c6 2. d4 d5 3. exd5 cxd5 4. c4 e6 5. Nc3 Nf6 6. Nf3 Be7 7. Bd3 dxc4 8.
Bxc4 O-O 9. O-O Nc6 10. Bf4 b6 11. d5 Na5 12. d6 Nxc4 13. dxe7 Qxe7 14. b3 Rd8
15. Qe2 Nd6 16. Nd4 Bb7 17. Rad1 Rac8 18. Qe3 Rc5 19. Bxd6 Rxd6 20. Ncb5 Rdd5
21. b4 Rxb5 22. Nxb5 Rxb5 23. Qd3 Rd5 24. Qg3 Qd8 25. Rc1 Rd7 26. Qa3 h6 27. f3
Nd5 28. Rfd1 Nf4 29. Rxd7 Qxd7 30. Qe3 Qd6 31. a3 e5 32. g3 Nh3+ 33. Kg2 Ng5
34. Rf1 Nxf3 35. Rxf3 Qd5 36. Kf2 Qxf3+ 37. Qxf3 Bxf3 38. Kxf3 f5 39. a4 g5 40.
Ke3 Kf7 41. Kd3 f4 42. Ke4 Ke6 43. g4 a6 44. h3 Kd6 45. Kd3 Kd5 46. Kc3 e4 47.
b5 axb5 48. axb5 f3 49. Kd2 Kd4 50. Ke1 Ke3 51. Kf1 f2 52. h4 Kf3 53. hxg5 e3
54. gxh6 e2# 0-1

[Event "Langley op"]
[Site "Langley CAN"]
[Date "2023.09.04"]
[Round "5.6"]
[White "Wang, Kai"]
[Black "Zou, Alex"]
[Result "1-0"]
[WhiteElo "1777"]
[BlackElo "1821"]
[PlyCount "69"]
[EventDate "2023.09.02"]
[EventType "swiss"]
[EventRounds "6"]
[EventCountry "CAN"]

1. e4 c5 2. Nf3 Nc6 3. d4 cxd4 4. Nxd4 Nf6 5. f3 d6 6. c4 Qb6 7. Nc2 g6 8. Nc3
Bg7 9. Be2 Bd7 10. Rb1 Nb4 11. Nxb4 Qxb4 12. Be3 O-O 13. O-O Rfc8 14. Qd2 Be6
15. a3 Qa5 16. b4 Qd8 17. Nd5 b6 18. Rfc1 Nxd5 19. cxd5 Bd7 20. Ba6 Rxc1+ 21.
Rxc1 Bc8 22. Qd3 Rb8 23. Rc2 Bxa6 24. Qxa6 Qd7 25. Rc6 f5 26. Qc4 Rb7 27. Rc8+
Kf7 28. h3 Bb2 29. Bh6 e5 30. dxe6+ Qxe6 31. Rf8+ Ke7 32. Re8+ Kxe8 33. Qxe6+
Re7 34. Qg8+ Kd7 35. Bf8 1-0

[Event "Langley op"]
[Site "Langley CAN"]
[Date "2023.09.04"]
[Round "5.7"]
[White "Chen, Zhengyu"]
[Black "Jiang, Kate"]
[Result "0-1"]
[WhiteElo "1620"]
[BlackElo "2211"]
[PlyCount "36"]
[EventDate "2023.09.02"]
[EventType "swiss"]
[EventRounds "6"]
[EventCountry "CAN"]

1. e4 e5 2. Nc3 Nc6 3. Bc4 Nf6 4. d3 Na5 5. Nf3 Nxc4 6. dxc4 d6 7. Qd3 Be7 8.
b3 O-O 9. Bb2 Nh5 10. O-O f5 11. Rad1 Nf4 12. Qe3 fxe4 13. Nxe4 Qe8 14. Ng3 Bg4
15. Kh1 Nxg2 16. Kxg2 Bxf3+ 17. Qxf3 Rxf3 18. Kxf3 h5 0-1

[Event "Langley op"]
[Site "Langley CAN"]
[Date "2023.09.04"]
[Round "5.8"]
[White "Lu, Aiden Hao-Ting"]
[Black "Xu, Joey"]
[Result "0-1"]
[WhiteElo "1721"]
[BlackElo "1683"]
[PlyCount "100"]
[EventDate "2023.09.02"]
[EventType "swiss"]
[EventRounds "6"]
[EventCountry "CAN"]

1. e4 e6 2. d4 d5 3. Nd2 Nf6 4. e5 Nfd7 5. Ngf3 c5 6. c3 Nc6 7. Be2 Qb6 8. Nb3
cxd4 9. cxd4 a5 10. a4 Bb4+ 11. Bd2 Bxd2+ 12. Kxd2 Qb4+ 13. Kc2 O-O 14. Qd2 Qe7
15. Rac1 Nb4+ 16. Kb1 Nb6 17. Nc5 Bd7 18. b3 Bc6 19. Ne1 Nd7 20. Ned3 Na6 21.
Nxa6 Rxa6 22. Nc5 Raa8 23. Rc3 f6 24. f4 fxe5 25. fxe5 Rf2 26. g3 Nxc5 27. Rxc5
Raf8 28. Qe3 Be8 29. Kb2 b6 30. Rc2 Bg6 31. Rd2 Qb4 32. Qc3 Qxc3+ 33. Kxc3 Be4
34. Re1 Rc8+ 35. Kb2 Rxh2 36. Rc1 Rf8 37. Re1 Rff2 38. Kc3 Rfg2 39. g4 Bf3 40.
Kd3 Bxg4 41. Ke3 Rxe2+ 42. Rdxe2 Rxe2+ 43. Rxe2 Bxe2 44. Kxe2 Kf7 45. Kf3 h5
46. Kg3 g5 47. Kf3 Kg6 48. Kg3 Kf5 49. Kf3 h4 50. Kg2 g4 0-1

[Event "Langley op"]
[Site "Langley CAN"]
[Date "2023.09.04"]
[Round "5.9"]
[White "Gao, Justin"]
[Black "Wang, Daniel Ruohan"]
[Result "1/2-1/2"]
[WhiteElo "1826"]
[BlackElo "1764"]
[PlyCount "91"]
[EventDate "2023.09.02"]
[EventType "swiss"]
[EventRounds "6"]
[EventCountry "CAN"]

1. e4 c5 2. Nc3 Nc6 3. f4 g6 4. Nf3 Bg7 5. Bc4 e6 6. O-O Nge7 7. d3 d5 8. Bb3
O-O 9. Qe1 Nd4 10. Nxd4 Bxd4+ 11. Kh1 Bg7 12. Rf3 dxe4 13. dxe4 Nc6 14. Be3 Nd4
15. Bxd4 Qxd4 16. e5 Qd8 17. Rd1 Qe7 18. Ne4 Bd7 19. Nxc5 Bc6 20. Rc3 Rad8 21.
Rxd8 Rxd8 22. Rd3 b6 23. Rxd8+ Qxd8 24. Nd3 Qd4 25. Qb4 Qe3 26. Qe1 Qd4 27. Qb4
Qe3 28. Qe1 Qxe1+ 29. Nxe1 g5 30. f5 exf5 31. e6 Bxb2 32. exf7+ Kf8 33. Nd3 Bd4
34. h4 gxh4 35. Nf4 Bd7 36. Be6 Be5 37. Bxd7 Bxf4 38. Bxf5 Kxf7 39. Bxh7 Ke6
40. Kg1 Kd5 41. Kf2 Kd4 42. Ke2 Kc3 43. Bd3 Kb2 44. a4 Ka3 45. Bb5 Kb4 46. Kd3
1/2-1/2

[Event "Langley op"]
[Site "Langley CAN"]
[Date "2023.09.04"]
[Round "5.10"]
[White "Leong, Ryan"]
[Black "Kerry, James"]
[Result "1/2-1/2"]
[WhiteElo "1939"]
[BlackElo "1817"]
[PlyCount "149"]
[EventDate "2023.09.02"]
[EventType "swiss"]
[EventRounds "6"]
[EventCountry "CAN"]

1. d4 d5 2. Bf4 Nf6 3. Nf3 c5 4. e3 Nc6 5. Nc3 a6 6. dxc5 e6 7. Bd3 Bxc5 8. O-O
O-O 9. a3 h6 10. e4 dxe4 11. Nxe4 Nxe4 12. Bxe4 Qf6 13. Qc1 Nd4 14. Nxd4 Bxd4
15. c3 Be5 16. Be3 Bxh2+ 17. Kxh2 Qh4+ 18. Kg1 Qxe4 19. f3 Qg6 20. Rd1 b5 21.
Rd4 e5 22. Re4 Re8 23. Qd2 f5 24. Rh4 f4 25. Bf2 Bf5 26. Rd1 Rad8 27. Qxd8 Rxd8
28. Rxd8+ Kh7 29. Rd2 Qf6 30. g4 fxg3 31. Bxg3 Qg5 32. Rg2 Qe3+ 33. Rf2 g5 34.
Rb4 h5 35. a4 h4 36. Bxh4 gxh4 37. Rxh4+ Kg6 38. axb5 axb5 39. Rh8 Kf7 40. Rhh2
Ke6 41. Rh8 Kd7 42. Rhh2 e4 43. fxe4 Bxe4 44. Kf1 Bf5 45. Rxf5 Qd3+ 46. Re2
Qxf5+ 47. Ke1 Qb1+ 48. Kf2 Qd3 49. Ke1 Qb1+ 50. Kf2 {White offered a draw.} Qc1
51. Kf3 Kd6 52. Ke4 Qd1 53. Ke3 Kc5 54. Rd2 Qb1 55. Ke2 Kc4 56. Rd4+ Kc5 57.
Rb4 Qc2+ 58. Ke3 Qd1 59. Kf2 Qd2+ 60. Kf3 {White offered a draw.} Qe1 61. Kg2
Qe2+ 62. Kg3 Kb6 63. Kf4 Ka5 64. Kf5 Qf2+ 65. Ke4 Qd2 66. Ke5 Qe3+ 67. Kd5 Qe7
68. Rd4 Qg7 69. Rb4 {White offered a draw.} Qf6 70. Ke4 Qd6 71. Ke3 Qxb4 72.
cxb4+ Kxb4 73. Kd2 Kb3 74. Kc1 Ka2 75. b4 1/2-1/2

[Event "Langley op"]
[Site "Langley CAN"]
[Date "2023.09.04"]
[Round "6.1"]
[White "Zhu, Brandon"]
[Black "Nunez Asencio, Jorge"]
[Result "0-1"]
[WhiteElo "2197"]
[BlackElo "2338"]
[PlyCount "86"]
[EventDate "2023.09.02"]
[EventType "swiss"]
[EventRounds "6"]
[EventCountry "CAN"]

1. c4 c5 2. Nf3 g6 3. d4 cxd4 4. Nxd4 Nc6 5. e4 Nf6 6. Nc3 d6 7. Be3 Ng4 8. Bc1
Qb6 9. f3 Qxd4 10. fxg4 Qxd1+ 11. Kxd1 Bxg4+ 12. Be2 Bxe2+ 13. Kxe2 Bg7 14. Bd2
Rc8 15. b3 Bxc3 16. Bxc3 e5 17. Rad1 Ke7 18. Rhf1 Ke6 19. g4 f6 20. Rd3 h5 21.
Rdf3 Rcf8 22. g5 f5 23. h4 Rh7 24. exf5+ Rxf5 25. Rxf5 gxf5 26. Kf3 Ne7 27. Rd1
Ng6 28. Be1 Rd7 29. Rd5 a6 30. a4 Ne7 31. Rd1 d5 32. cxd5+ Rxd5 33. Rxd5 Kxd5
34. Bf2 Ng6 35. a5 e4+ 36. Ke2 f4 37. Be1 Kd4 38. Bd2 e3 39. Be1 Ke4 40. b4 f3+
41. Kf1 f2 42. Bc3 Kf3 43. Bg7 e2# 0-1

[Event "Langley op"]
[Site "Langley CAN"]
[Date "2023.09.04"]
[Round "6.2"]
[White "Doknjas, John"]
[Black "He, Matthew"]
[Result "1/2-1/2"]
[WhiteElo "2293"]
[BlackElo "2079"]
[PlyCount "67"]
[EventDate "2023.09.02"]
[EventType "swiss"]
[EventRounds "6"]
[EventCountry "CAN"]

1. e4 c6 2. c4 d5 3. cxd5 cxd5 4. exd5 Nf6 5. Nc3 g6 6. Bc4 Nbd7 7. d6 exd6 8.
Nf3 Qe7+ 9. Be2 Bg7 10. O-O O-O 11. d4 Nb6 12. Re1 Be6 13. Bg5 h6 14. Bh4 g5
15. Bg3 Nh5 16. Bd3 Nxg3 17. hxg3 Qd7 18. Bc2 Bf5 19. Bxf5 Qxf5 20. Nh2 Rfe8
21. Rxe8+ Rxe8 22. Nf1 Qf6 23. Ne2 Qe6 24. Nc3 Qf6 25. Ne2 Qe6 26. Nc3 Qc4 27.
Ne3 Qxd4 28. Nf5 Qe5 29. Qd3 d5 30. Rd1 Nc4 31. Qxd5 Nxb2 32. Nxg7 Kxg7 33.
Qxe5+ Rxe5 34. Rd7 1/2-1/2

[Event "Langley op"]
[Site "Langley CAN"]
[Date "2023.09.04"]
[Round "6.3"]
[White "Liu, Zachary"]
[Black "Fuentebella, Mayo"]
[Result "1-0"]
[WhiteElo "2186"]
[BlackElo "2174"]
[PlyCount "77"]
[EventDate "2023.09.02"]
[EventType "swiss"]
[EventRounds "6"]
[EventCountry "CAN"]

1. e4 c5 2. Nf3 e6 3. d4 cxd4 4. Nxd4 Nf6 5. Nc3 d6 6. g4 h6 7. Rg1 a6 8. h4 b5
9. g5 hxg5 10. hxg5 Ng8 11. g6 f6 12. Be3 Qc7 13. Bg2 Nc6 14. Nxc6 Qxc6 15. e5
Qxg2 16. Rxg2 Rh1+ 17. Ke2 Rxd1 18. exf6 Nxf6 19. Rxd1 Bb7 20. f3 O-O-O 21. Bg5
Be7 22. Ne4 Bxe4 23. fxe4 e5 24. Bxf6 Bxf6 25. Rh1 Kd7 26. Rgh2 Rc8 27. Kd3 Ke6
28. Rh8 Rc4 29. c3 d5 30. Re1 dxe4+ 31. Rxe4 Rc6 32. Rh5 Rc5 33. a4 Kd5 34.
axb5 axb5 35. Rb4 Kc6 36. Ke4 Rd5 37. Rf5 Rd6 38. Rf2 Rd5 39. Rxf6+ 1-0

[Event "Langley op"]
[Site "Langley CAN"]
[Date "2023.09.04"]
[Round "6.4"]
[White "Mok, Erwin Jun-Han"]
[Black "Wang, Kai"]
[Result "0-1"]
[WhiteElo "2017"]
[BlackElo "1777"]
[PlyCount "78"]
[EventDate "2023.09.02"]
[EventType "swiss"]
[EventRounds "6"]
[EventCountry "CAN"]

1. d4 Nf6 2. c4 d6 3. Nc3 g6 4. e4 Bg7 5. f3 O-O 6. Be3 Na6 7. Qd2 e5 8. d5 Nd7
9. g4 Ndc5 10. O-O-O f5 11. gxf5 gxf5 12. exf5 Bxf5 13. Nh3 b6 14. Rg1 Qd7 15.
Nf2 Nb4 16. Bxc5 bxc5 17. a3 Nc2 18. Nfe4 Nd4 19. Qg2 Bg6 20. Be2 Rab8 21. Nb5
Nb3+ 22. Kc2 Nd4+ 23. Nxd4 exd4 24. Bd3 Qa4+ 25. Kc1 Qb3 26. h4 Rxf3 27. Qc2
Rxd3 28. Rxd3 Qxc2+ 29. Kxc2 Bxe4 30. h5 Kh8 31. Rgg3 Be5 32. Rh3 Rf8 33. Kc1
Bxd3 34. Rxd3 Kg7 35. Rb3 Rf1+ 36. Kc2 Rf2+ 37. Kd1 d3 38. Rxd3 Rxb2 39. Rf3 a5
0-1